000
00199nam a22000857a 4500
999
_c
16292
_d
16292
003
OSt
008
200721b ||||| |||| 00| 0 eng d
245
_a
Madras Detailed Standard Specifications
942
_c
BK